| 000 | 01144cam a2200289 a 4500 | ||
|---|---|---|---|
| 999 |
_c1300 _d1300 |
||
| 001 | 100007 | ||
| 003 | CoMeUDC | ||
| 005 | 20210602111623.0 | ||
| 008 | 210602b ||||| |||| 00| 0 eng d | ||
| 020 | _a9788498796711 | ||
| 040 |
_aCO-UDEC _cCO-UDEC |
||
| 082 | 0 | 4 |
_a342.22 _bF368d |
| 100 | 1 |
_aFerrajoli, Luigi, _d1940- |
|
| 245 | 1 | 0 |
_aDerechos y garantías : _bla ley del más débil / _cLuigi Ferrajoli ; introducción de Perfecto Andrés Ibáñez ; traducción de Perfecto Andrés Ibáñez y Andrea Greppi. |
| 260 |
_aMadrid : _bEditorial Trotta, _c2016. |
||
| 300 |
_a180 p. ; _c24 cm. |
||
| 490 | 0 | _aColección estructuras y procesos. Derecho | |
| 504 | _aIncluye referencias bibliográficas e índice. | ||
| 505 | 0 | _aEl derecho como sistema de garantías -- Derechos fundamentales -- Igualdad y diferencia -- La soberania en el mundo moderno. | |
| 546 | _aEspañol | ||
| 650 | 1 | 4 | _aAcción de tutela |
| 650 | 1 | 4 | _aProtección de los derechos fundamentales |
| 650 | 1 | 4 | _aGarantías constitucionales |
| 700 | 1 |
_aIbáñez, Perfecto Andrés, _d1943- , _etraductor |
|
| 700 | 1 |
_aGreppi, Andrea, _etraductora |
|
| 942 |
_2ddc _cBK |
||